Statistics for Nordic quiz

Click here to take the quiz!

General Stats

  • This quiz has been taken 18 times
  • The average score is 12 of 15

Answer Stats

QuestionAnswer% Correct
What's the capital of Denmark?Copenhagen
100%
What's the capital of Finland?Helsinki
100%
How many countries does Iceland border?None
100%
What's the capital of Norway?Oslo
100%
What's the capital of Sweden?Stockholm
100%
What country has the most volcanoes?Iceland
94%
What's the capital of Iceland?Reykjavik
94%
Which country has the highest population?Sweden
94%
What country invented LEGO?Denmark
88%
What colors are in the flag of Finland?White and blue
88%
The Öresund bridge is between which two countries?Sweden and Denmark
75%
What country does Alan Walker live in?Norway
56%
What country owns Åland?Finland
50%
What country invented Angry Birds?Finland
44%
What country invented Minecraft?Sweden
44%

Score Distribution

Percentile by Number Answered

Percent of People with Each Score

Your Score History

You have not taken this quiz